Karch's focus on nursing pharmacology / (Record no. 86036)

MARC details
000 -LEADER
fixed length control field 00812nam a22002657a 4500
003 - CONTROL NUMBER IDENTIFIER
control field URS
005 - DATE AND TIME OF LATEST TRANSACTION
control field 20260409114951.0
008 - FIXED-LENGTH DATA ELEMENTS--GENERAL INFORMATION
fixed length control field 250909b |||||||| |||| 00| 0 eng d
020 ## - INTERNATIONAL STANDARD BOOK NUMBER
International Standard Book Number 9781975235055
020 ## - INTERNATIONAL STANDARD BOOK NUMBER
International Standard Book Number 9781975180409
040 ## - CATALOGING SOURCE
Language of cataloging English
Transcribing agency URS
Description conventions rda
050 00 - LIBRARY OF CONGRESS CALL NUMBER
Classification number RM300
Item number .T891 2023
100 ## - MAIN ENTRY--PERSONAL NAME
Personal name Tucker, Rebecca G.,
Relator term author.
9 (RLIN) 6456
245 10 - TITLE STATEMENT
Title Karch's focus on nursing pharmacology /
Statement of responsibility, etc Rebecca G. Tucker.
250 ## - EDITION STATEMENT
Edition statement Ninth edition.
264 #1 - PUBLICATION, DISTRIBUTION, ETC. (IMPRINT)
Place of publication, distribution, etc Philadelphia :
Name of publisher, distributor, etc Wolters Kluwer,
Date of publication, distribution, etc ©2023.
300 ## - PHYSICAL DESCRIPTION
Extent xiv 1151 pages :
Other physical details illustrations ;
Dimensions 26 cm.
336 ## - CONTENT TYPE
Content type term text
Content type code txt
Source rdacontent
337 ## - MEDIA TYPE
Media type term unmediated
Media type code n
Source rdamedia
338 ## - CARRIER TYPE
Carrier type term volume
Carrier type code nc
Source rdacarrier
504 ## - BIBLIOGRAPHY, ETC. NOTE
Bibliography, etc Includes bibliographical references and index.
650 #0 - SUBJECT ADDED ENTRY--TOPICAL TERM
Topical term or geographic name as entry element Pharmacology.
650 #0 - SUBJECT ADDED ENTRY--TOPICAL TERM
Topical term or geographic name as entry element Nursing.
942 ## - ADDED ENTRY ELEMENTS (KOHA)
Source of classification or shelving scheme Library of Congress Classification
Koha item type Reserved Books
Holdings
Withdrawn status Lost status Source of classification or shelving scheme Damaged status Not for loan Collection code Home library Current library Shelving location Date acquired Source of acquisition Total Checkouts Full call number Barcode Date last seen Copy number Koha item type Cost, normal purchase price Cost, replacement price Price effective from
    Library of Congress Classification     Non-fiction Taytay College Library Taytay College Library Nursing Collection 08/12/2025 Purchased   RM300 .T891 2023 URSTAY-5779 09/09/2025 1 Reserved Books      
    Library of Congress Classification     Non-fiction Taytay College Library Taytay College Library Medicine Collection 04/09/2026 Purchased   RM300 .T891 2023 URSTAY-6154 04/09/2026 2 Reserved Books 9308.00 9308.00 04/09/2026

University of Rizal System
Email us at univlibservices@urs.edu.ph

Visit our Website www.urs.edu.ph/library